Lieux emblématiques de la série Super Mario - Statistiques

Statistiques générales
  • Ce quiz a été pris 49 fois
  • Le résultat moyen est 4 sur 7
Statistiques - réponses
Par images Réponse % Correct
Chateau De Peach
100%
Chateau de Bowser
86%
Ile Delfino
60%
Champ de Bataille Bob-Omb
42%
Observatoire de la comète
40%
Ile de Yoshi
33%
Ile Choco
12%
Aucun quiz correspondant
Distribution des résultats
% des personnes avec chaque résultat
Percentile par nombre de réponses
Votre historique - résultats
Vous n’avez pas pris ce quiz